[Event "Pohár města Říčany 2018"]
[Site "Městské kulturní středisko U labutě"]
[Date "2018.08.26"]
[Round "3.1"]
[White "Gregor, Jiri"]
[Black "Plat, Vojtech"]
[Result "1/2-1/2"]
[WhiteElo "2262"]
[BlackElo "2523"]
[PlyCount "0"]
[EventDate "2018.08.25"]

1. d4 {[%clk 01:30:57]} {[%emt 00:00:02]} Nf6 {[%clk 01:30:51]} {[%emt
00:00:10]} 2. c4 {[%clk 01:31:12]} {[%emt 00:00:14]} g6 {[%clk 01:31:17]}
{[%emt 00:00:05]} 3. Nc3 {[%clk 01:31:01]} {[%emt 00:00:41]} d5 {[%clk
01:31:42]} {[%emt 00:00:05]} 4. Nf3 {[%clk 01:31:07]} {[%emt 00:00:23]} Bg7
{[%clk 01:32:07]} {[%emt 00:00:05]} 5. Bg5 {[%clk 01:31:08]} {[%emt 00:00:29]}
Ne4 {[%clk 01:32:29]} {[%emt 00:00:09]} 6. Bh4 {[%clk 01:31:27]} {[%emt
00:00:12]} Nxc3 {[%clk 01:32:51]} {[%emt 00:00:08]} 7. bxc3 {[%clk 01:31:51]}
{[%emt 00:00:06]} c5 {[%clk 01:33:16]} {[%emt 00:00:05]} 8. e3 {[%clk
01:31:57]} {[%emt 00:00:24]} Nc6 {[%clk 01:33:39]} {[%emt 00:00:06]} 9. Be2
{[%clk 01:31:26]} {[%emt 00:01:01]} O-O {[%clk 01:32:41]} {[%emt 00:01:28]} 10.
O-O {[%clk 01:31:43]} {[%emt 00:00:13]} cxd4 {[%clk 01:33:07]} {[%emt
00:00:04]} 11. cxd4 {[%clk 01:32:00]} {[%emt 00:00:13]} dxc4 {[%clk 01:33:26]}
{[%emt 00:00:11]} 12. Bxc4 {[%clk 01:32:13]} {[%emt 00:00:17]} Na5 {[%clk
01:33:52]} {[%emt 00:00:04]} 13. Bd3 {[%clk 01:31:22]} {[%emt 00:01:21]} Be6
{[%clk 01:34:05]} {[%emt 00:00:17]} 14. Qa4 {[%clk 01:28:33]} {[%emt 00:03:19]}
b6 {[%clk 01:33:53]} {[%emt 00:00:43]} 15. Rac1 {[%clk 01:26:29]} {[%emt
00:02:33]} Qd6 {[%clk 01:34:00]} {[%emt 00:00:23]} 16. Bg3 {[%clk 01:19:16]}
{[%emt 00:07:43]} Qd5 {[%clk 01:34:25]} {[%emt 00:00:05]} 17. Rc2 {[%clk
01:18:24]} {[%emt 00:01:22]} Rac8 {[%clk 01:31:26]} {[%emt 00:03:29]} 18. Rfc1
{[%clk 01:03:57]} {[%emt 00:14:56]} Rxc2 {[%clk 01:31:42]} {[%emt 00:00:15]} 19.
Rxc2 {[%clk 01:04:19]} {[%emt 00:00:07]} Bf5 {[%clk 01:32:07]} {[%emt
00:00:04]} 20. Ne1 {[%clk 00:58:54]} {[%emt 00:05:55]} Bxd3 {[%clk 01:30:43]}
{[%emt 00:01:54]} 21. Nxd3 {[%clk 00:59:17]} {[%emt 00:00:07]} Qf5 {[%clk
01:31:09]} {[%emt 00:00:04]} 22. Ne1 {[%clk 00:55:33]} {[%emt 00:04:14]} Rd8
{[%clk 01:25:55]} {[%emt 00:05:43]} 23. f3 {[%clk 00:48:50]} {[%emt 00:07:14]}
Qd5 {[%clk 01:20:23]} {[%emt 00:06:01]} 24. Nd3 {[%clk 00:45:30]} {[%emt
00:03:50]} Qe6 {[%clk 01:18:43]} {[%emt 00:02:11]} 25. Bf2 {[%clk 00:42:06]}
{[%emt 00:03:54]} h5 {[%clk 01:12:34]} {[%emt 00:06:39]} 26. e4 {[%clk
00:37:29]} {[%emt 00:05:08]} Qd7 {[%clk 01:03:38]} {[%emt 00:09:26]} 27. Qxd7
{[%clk 00:37:42]} {[%emt 00:00:18]} Rxd7 {[%clk 01:04:06]} 28. Rc8+ {[%clk
00:37:03]} {[%emt 00:01:08]} Kh7 {[%clk 01:04:32]} {[%emt 00:00:05]} 29. d5
{[%clk 00:37:24]} {[%emt 00:00:10]} e6 {[%clk 01:04:34]} {[%emt 00:00:28]} 30.
Nb4 {[%clk 00:33:23]} {[%emt 00:04:30]} Bf6 {[%clk 01:03:52]} {[%emt 00:01:12]}
31. Kf1 {[%clk 00:32:35]} {[%emt 00:01:19]} Be7 {[%clk 00:58:51]} {[%emt
00:05:30]} 32. Nc6 {[%clk 00:30:26]} {[%emt 00:02:39]} Bf6 {[%clk 00:52:38]}
{[%emt 00:06:44]} 33. e5 {[%clk 00:29:06]} {[%emt 00:01:49]} Bg7 {[%clk
00:52:55]} {[%emt 00:00:14]} 34. Nxa5 {[%clk 00:29:20]} {[%emt 00:00:16]} bxa5
{[%clk 00:53:20]} {[%emt 00:00:04]} 35. dxe6 {[%clk 00:29:24]} {[%emt
00:00:26]} fxe6 {[%clk 00:53:45]} {[%emt 00:00:05]} 36. f4 {[%clk 00:29:24]}
{[%emt 00:00:31]} g5 {[%clk 00:53:33]} {[%emt 00:00:42]} 37. g3 {[%clk
00:25:44]} {[%emt 00:04:11]} gxf4 {[%clk 00:53:57]} {[%emt 00:00:06]} 38. gxf4
{[%clk 00:26:05]} {[%emt 00:00:10]} Kg6 {[%clk 00:52:22]} {[%emt 00:02:04]} 39.
Ke2 {[%clk 00:26:15]} {[%emt 00:00:20]} Kf5 {[%clk 00:51:35]} {[%emt 00:01:17]}
40. Be3 {[%clk 00:25:19]} {[%emt 00:01:26]} Rb7 {[%clk 00:49:32]} {[%emt
00:02:32]} 41. Kf3 {[%clk 00:22:48]} {[%emt 00:03:02]} Rb2 {[%clk 00:47:30]}
{[%emt 00:02:32]} 1/2-1/2

[Event "Pohár města Říčany 2018"]
[Site "Městské kulturní středisko U labutě"]
[Date "2018.08.26"]
[Round "3.2"]
[White "Pulpan, Jakub"]
[Black "Rodshtein, Tereza"]
[Result "1/2-1/2"]
[WhiteElo "2400"]
[BlackElo "2256"]
[PlyCount "0"]
[EventDate "2018.08.25"]

1. e4 {[%emt 01:39:49]} e5 {[%emt 00:00:05]} 2. Nf3 {[%emt 00:00:10]} Nc6
{[%emt 00:00:06]} 3. Bc4 {[%emt 00:00:41]} Bc5 {[%emt 00:00:07]} 4. O-O {[%emt
00:03:01]} Nf6 {[%emt 00:00:28]} 5. d3 {[%emt 00:00:08]} O-O {[%emt 00:00:23]}
6. c3 {[%emt 00:00:31]} a6 {[%emt 00:00:41]} 7. a4 {[%emt 00:00:14]} Ba7 {[%emt
00:00:53]} 8. Bb3 {[%emt 00:00:43]} d5 {[%emt 00:04:20]} 9. Nbd2 {[%emt
00:05:09]} Bg4 {[%emt 00:06:13]} 10. h3 {[%emt 00:01:35]} Bh5 {[%emt 00:00:07]}
11. Qe2 {[%emt 00:00:56]} Re8 {[%emt 00:01:05]} 12. Re1 {[%emt 00:00:48]} Bg6
{[%emt 00:05:40]} 13. Bc2 {[%emt 00:11:14]} Nh5 {[%emt 00:02:52]} 14. Nf1
{[%emt 00:03:19]} h6 {[%emt 00:02:41]} 15. exd5 {[%emt 00:06:36]} Qxd5 {[%emt
00:00:15]} 16. Nh4 {[%emt 00:00:43]} Kh7 {[%emt 00:07:48]} 17. Nxg6 {[%emt
00:01:40]} fxg6 {[%emt 00:00:03]} 18. Be3 {[%emt 00:14:14]} Nd4 {[%emt
00:03:04]} 19. Qd1 {[%emt 00:10:41]} Nxc2 {[%emt 00:01:54]} 20. Qxc2 {[%emt
00:01:58]} Bxe3 {[%emt 00:01:32]} 21. Nxe3 {[%emt 00:01:19]} Qd7 {[%emt
00:00:53]} 22. Ng4 {[%emt 00:05:58]} Nf4 {[%emt 00:02:24]} 23. Rad1 {[%emt
00:05:11]} Qd5 {[%emt 00:02:22]} 24. f3 {[%emt 00:02:34]} Rad8 {[%emt
00:00:31]} 25. Nf2 {[%emt 00:04:17]} Rf8 {[%emt 00:00:57]} 26. Ng4 {[%emt
00:03:07]} Rfe8 {[%emt 00:03:24]} 27. Re4 {[%emt 00:04:42]} c5 {[%emt
00:05:48]} 28. Nf2 {[%emt 00:01:28]} b5 {[%emt 00:01:05]} 29. Kh2 {[%emt
00:02:45]} Re6 {[%emt 00:05:50]} 30. c4 {[%emt 00:04:04]} Qc6 {[%emt 00:00:42]}
31. cxb5 {[%emt 00:01:46]} axb5 {[%emt 00:00:02]} 32. Rc1 {[%emt 00:00:43]}
bxa4 {[%emt 00:05:55]} 33. Qxc5 {[%emt 00:01:32]} Qxc5 {[%emt 00:00:57]} 34.
Rxc5 {[%emt 00:00:02]} Nxd3 {[%emt 00:01:05]} 35. Nxd3 {[%emt 00:00:07]} Rxd3
{[%emt 00:00:03]} 36. Rxa4 {[%emt 00:00:18]} Re7 {[%emt 00:03:51]} 37. Rb4
{[%emt 00:00:51]} g5 {[%emt 00:01:30]} 38. Rc2 {[%emt 00:01:12]} h5 {[%emt
00:01:37]} 39. h4 {[%emt 00:01:13]} gxh4 {[%emt 00:00:26]} 40. Rxh4 {[%emt
00:00:02]} g6 {[%emt 00:02:03]} 41. Re4 {[%emt 00:00:39]} Rb3 {[%emt 00:06:00]}
42. Kg1 {[%emt 00:00:39]} Reb7 {[%emt 00:00:24]} 43. Ree2 {[%emt 00:00:02]} Kh6
{[%emt 00:00:59]} 44. Kf2 {[%emt 00:00:05]} R7b5 {[%emt 00:00:14]} 45. Kg3
{[%emt 00:01:32]} e4 {[%emt 00:01:14]} 46. Rxe4 {[%emt 00:00:08]} 1/2-1/2

[Event "Pohár města Říčany 2018"]
[Site "Městské kulturní středisko U labutě"]
[Date "2018.08.26"]
[Round "3.3"]
[White "Skalicky, Tomas"]
[Black "Vojta, Tomas"]
[Result "0-1"]
[WhiteElo "2125"]
[BlackElo "2348"]
[PlyCount "0"]
[EventDate "2018.08.25"]

1. e4 {[%emt 01:45:23]} d5 {[%emt 00:00:28]} 2. exd5 {[%emt 00:00:06]} Nf6
{[%emt 00:00:50]} 3. d4 {[%emt 00:00:23]} Bg4 {[%emt 00:00:30]} 4. Nf3 {[%emt
00:01:18]} Qxd5 {[%emt 00:00:48]} 5. Be2 {[%emt 00:00:34]} Nc6 {[%emt
00:00:33]} 6. c4 {[%emt 00:02:38]} Qf5 {[%emt 00:01:30]} 7. O-O {[%emt
00:01:45]} O-O-O {[%emt 00:02:50]} 8. Be3 {[%emt 00:00:52]} e5 {[%emt
00:06:13]} 9. d5 {[%emt 00:01:08]} e4 {[%emt 00:02:05]} 10. Ng5 {[%emt
00:21:45]} Ne5 {[%emt 00:08:09]} 11. f3 {[%emt 00:01:16]} exf3 {[%emt
00:02:55]} 12. Nxf3 {[%emt 00:00:28]} Bxf3 {[%emt 00:05:49]} 13. Rxf3 {[%emt
00:02:03]} Nxf3+ {[%emt 00:01:12]} 14. Bxf3 {[%emt 00:00:08]} Bd6 {[%emt
00:02:53]} 15. Nc3 {[%emt 00:02:33]} Qe5 {[%emt 00:07:14]} 16. Bxa7 {[%emt
00:00:15]} Qxh2+ {[%emt 00:00:10]} 17. Kf2 {[%emt 00:00:05]} Rde8 {[%emt
00:03:20]} 18. Ne2 {[%emt 00:01:06]} b6 {[%emt 00:05:32]} 19. Bxb6 {[%emt
00:04:27]} cxb6 {[%emt 00:01:28]} 20. Qa4 {[%emt 00:01:31]} Bc5+ {[%emt
00:04:22]} 21. Ke1 {[%emt 00:01:48]} Kb8 {[%emt 00:06:47]} 22. b4 {[%emt
00:06:13]} Qg1+ {[%emt 00:01:24]} 23. Kd2 {[%emt 00:00:13]} Rxe2+ {[%emt
00:01:45]} 24. Bxe2 {[%emt 00:01:08]} Be3+ {[%emt 00:02:24]} 0-1

[Event "Pohár města Říčany 2018"]
[Site "Městské kulturní středisko U labutě"]
[Date "2018.08.26"]
[Round "3.4"]
[White "Kulhanek, Tomas"]
[Black "Hollan, Petr"]
[Result "1/2-1/2"]
[WhiteElo "2314"]
[BlackElo "2179"]
[PlyCount "0"]
[EventDate "2018.08.25"]

1. e4 {[%clk 01:30:57]} c5 {[%clk 01:30:55]} {[%emt 00:00:06]} 2. Nc3 {[%clk
01:30:51]} {[%emt 00:00:36]} g6 {[%clk 01:29:12]} {[%emt 00:02:12]} 3. d4
{[%clk 01:29:46]} {[%emt 00:01:35]} Bg7 {[%clk 01:29:00]} {[%emt 00:00:43]} 4.
dxc5 {[%clk 01:29:31]} {[%emt 00:00:45]} Qa5 {[%clk 01:22:50]} {[%emt
00:06:39]} 5. Bd2 {[%clk 01:28:46]} {[%emt 00:01:14]} Nc6 {[%clk 01:06:01]}
{[%emt 00:17:20]} 6. Nd5 {[%clk 01:14:02]} {[%emt 00:15:15]} Qd8 {[%clk
01:05:54]} {[%emt 00:00:36]} 7. c3 {[%clk 01:11:53]} {[%emt 00:02:40]} e6
{[%clk 01:05:33]} {[%emt 00:00:52]} 8. Ne3 {[%clk 01:11:50]} {[%emt 00:00:33]}
Nf6 {[%clk 01:05:10]} {[%emt 00:00:53]} 9. Qc2 {[%clk 01:10:59]} {[%emt
00:01:20]} b6 {[%clk 01:04:16]} {[%emt 00:01:25]} 10. cxb6 {[%clk 01:08:29]}
{[%emt 00:03:00]} axb6 {[%clk 01:04:13]} {[%emt 00:00:33]} 11. Nf3 {[%clk
01:07:39]} {[%emt 00:01:20]} O-O {[%clk 00:58:52]} {[%emt 00:05:50]} 12. Be2
{[%clk 01:01:14]} {[%emt 00:06:57]} Bb7 {[%clk 00:50:07]} {[%emt 00:09:14]} 13.
e5 {[%clk 00:57:53]} {[%emt 00:03:51]} Ne8 {[%clk 00:45:19]} {[%emt 00:05:18]}
14. Ng4 {[%clk 00:55:52]} {[%emt 00:02:31]} Qc7 {[%clk 00:43:42]} {[%emt
00:02:07]} 15. Bh6 {[%clk 00:43:34]} {[%emt 00:12:48]} Bxh6 {[%clk 00:43:01]}
{[%emt 00:01:11]} 16. Nxh6+ {[%clk 00:44:01]} {[%emt 00:00:03]} Kg7 {[%clk
00:43:24]} {[%emt 00:00:07]} 17. Qd2 {[%clk 00:43:38]} {[%emt 00:00:53]} Ra4
{[%clk 00:30:35]} {[%emt 00:13:18]} 18. c4 {[%clk 00:33:13]} {[%emt 00:10:55]}
Nxe5 {[%clk 00:27:28]} {[%emt 00:03:36]} 19. Nxe5 {[%clk 00:33:14]} {[%emt
00:00:30]} Qxe5 {[%clk 00:27:56]} {[%emt 00:00:03]} 20. Ng4 {[%clk 00:32:12]}
{[%emt 00:01:31]} Qa5 {[%clk 00:23:35]} {[%emt 00:04:51]} 21. Qxa5 {[%clk
00:30:07]} {[%emt 00:02:35]} Rxa5 {[%clk 00:23:53]} {[%emt 00:00:12]} 22. f3
{[%clk 00:30:27]} {[%emt 00:00:10]} d5 {[%emt 00:08:36]} 23. Bf1 {[%emt
00:00:19]} Kg8 1/2-1/2

[Event "Pohár města Říčany 2018"]
[Site "Městské kulturní středisko U labutě"]
[Date "2018.08.26"]
[Round "3.5"]
[White "Postupa, Pavel"]
[Black "Svatos, Jan"]
[Result "0-1"]
[WhiteElo "1944"]
[BlackElo "2264"]
[PlyCount "0"]
[EventDate "2018.08.25"]

1. e4 {[%clk 01:30:57]} {[%emt 00:00:01]} c5 {[%clk 01:30:54]} {[%emt
00:00:07]} 2. Nf3 {[%clk 01:31:14]} {[%emt 00:00:12]} e6 {[%clk 01:31:20]}
{[%emt 00:00:04]} 3. d4 {[%clk 01:31:33]} {[%emt 00:00:11]} cxd4 {[%clk
01:31:46]} {[%emt 00:00:04]} 4. Nxd4 {[%clk 01:32:01]} {[%emt 00:00:03]} Nc6
{[%clk 01:31:40]} {[%emt 00:00:36]} 5. Nb5 {[%clk 01:30:06]} {[%emt 00:02:24]}
d6 {[%clk 01:31:56]} {[%emt 00:00:15]} 6. c4 {[%clk 01:30:09]} {[%emt
00:00:25]} a6 {[%clk 01:31:20]} {[%emt 00:01:07]} 7. N5c3 {[%clk 01:29:40]}
{[%emt 00:00:59]} Nf6 {[%clk 01:31:36]} {[%emt 00:00:14]} 8. Be3 {[%clk
01:28:26]} {[%emt 00:01:43]} Be7 {[%clk 01:32:01]} {[%emt 00:00:06]} 9. Be2
{[%clk 01:27:47]} {[%emt 00:01:09]} O-O {[%clk 01:32:09]} {[%emt 00:00:22]} 10.
O-O {[%clk 01:27:16]} {[%emt 00:01:02]} b6 {[%clk 01:32:12]} {[%emt 00:00:27]}
11. Nd2 {[%clk 01:25:29]} {[%emt 00:02:17]} Bb7 {[%clk 01:32:37]} {[%emt
00:00:06]} 12. Rc1 {[%clk 01:22:25]} {[%emt 00:03:33]} Rc8 {[%clk 01:33:02]}
{[%emt 00:00:05]} 13. f3 {[%clk 01:19:30]} {[%emt 00:03:25]} Ne5 {[%clk
01:21:47]} {[%emt 00:11:45]} 14. Qb3 {[%clk 01:16:31]} {[%emt 00:03:29]} Ned7
{[%clk 01:20:26]} {[%emt 00:01:51]} 15. Na4 {[%clk 01:13:03]} {[%emt 00:03:58]}
Bc6 {[%clk 01:18:25]} {[%emt 00:02:32]} 16. Rfd1 {[%clk 01:09:16]} {[%emt
00:04:17]} Nc5 {[%clk 01:08:46]} {[%emt 00:10:09]} 17. Nxc5 {[%clk 01:08:46]}
{[%emt 00:01:00]} bxc5 {[%clk 01:08:59]} {[%emt 00:00:17]} 18. Nb1 {[%clk
01:05:39]} {[%emt 00:03:37]} Nd7 {[%clk 01:02:27]} {[%emt 00:07:03]} 19. Qc3
{[%clk 00:58:24]} {[%emt 00:07:45]} Rb8 {[%clk 00:59:42]} {[%emt 00:03:15]} 20.
b3 {[%clk 00:58:49]} {[%emt 00:00:05]} Rb4 {[%clk 00:37:46]} {[%emt 00:22:25]}
21. Na3 {[%clk 00:46:04]} {[%emt 00:13:15]} Qc7 {[%clk 00:34:59]} {[%emt
00:03:16]} 22. Nc2 {[%clk 00:41:40]} {[%emt 00:04:55]} Rb7 {[%clk 00:30:38]}
{[%emt 00:04:51]} 23. Bf2 {[%clk 00:39:28]} {[%emt 00:02:41]} Rfb8 {[%clk
00:23:35]} {[%emt 00:07:33]} 24. Qd2 {[%clk 00:36:54]} {[%emt 00:03:04]} Ne5
{[%clk 00:21:22]} {[%emt 00:02:44]} 25. Rb1 {[%clk 00:34:36]} {[%emt 00:02:47]}
Be8 {[%clk 00:19:58]} {[%emt 00:01:54]} 26. Bg3 {[%clk 00:33:44]} {[%emt
00:01:22]} Qb6 {[%clk 00:12:05]} {[%emt 00:08:24]} 27. f4 {[%clk 00:32:01]}
{[%emt 00:02:12]} Nc6 {[%clk 00:10:59]} {[%emt 00:01:36]} 28. Bf2 {[%clk
00:31:29]} {[%emt 00:01:02]} Nb4 {[%clk 00:10:32]} {[%emt 00:00:57]} 29. Nxb4
{[%clk 00:29:51]} {[%emt 00:02:07]} Qxb4 {[%clk 00:11:01]} {[%emt 00:00:01]} 30.
Qxb4 {[%clk 00:29:58]} {[%emt 00:00:23]} Rxb4 {[%clk 00:11:29]} {[%emt
00:00:02]} 31. Be1 {[%clk 00:26:06]} {[%emt 00:04:22]} R4b7 {[%clk 00:09:38]}
{[%emt 00:02:21]} 32. Bc3 {[%clk 00:26:33]} {[%emt 00:00:02]} Bc6 {[%clk
00:09:35]} {[%emt 00:00:34]} 33. Bf3 {[%clk 00:26:48]} {[%emt 00:00:15]} f6
{[%clk 00:08:01]} {[%emt 00:02:04]} 34. Rb2 {[%clk 00:25:52]} {[%emt 00:01:25]}
Ra7 {[%clk 00:07:09]} {[%emt 00:01:20]} 35. Ba5 {[%clk 00:24:30]} {[%emt
00:01:53]} Rc8 {[%clk 00:05:29]} {[%emt 00:02:10]} 36. Re1 {[%clk 00:22:29]}
{[%emt 00:02:31]} Bd8 {[%clk 00:04:17]} {[%emt 00:01:43]} 37. Bc3 {[%clk
00:22:48]} {[%emt 00:00:10]} a5 {[%clk 00:04:35]} {[%emt 00:00:12]} 38. Rd2
{[%clk 00:22:24]} {[%emt 00:00:53]} Be7 {[%clk 00:04:01]} {[%emt 00:01:05]} 39.
Bg4 {[%clk 00:19:17]} {[%emt 00:03:37]} Kf7 {[%clk 00:04:23]} {[%emt 00:00:08]}
40. e5 {[%clk 00:17:44]} {[%emt 00:02:02]} dxe5 {[%clk 00:04:49]} {[%emt
00:00:05]} 41. fxe5 {[%clk 00:17:43]} {[%emt 00:00:31]} f5 {[%clk 00:05:18]} 42.
Bd1 {[%clk 00:17:34]} {[%emt 00:00:39]} a4 {[%clk 00:05:07]} {[%emt 00:00:41]}
43. Ree2 {[%clk 00:15:35]} {[%emt 00:02:29]} axb3 {[%clk 00:04:01]} {[%emt
00:01:36]} 44. axb3 {[%clk 00:16:03]} {[%emt 00:00:02]} Rca8 {[%clk 00:03:36]}
{[%emt 00:00:55]} 45. Kf2 {[%clk 00:15:52]} {[%emt 00:00:41]} g5 {[%clk
00:03:28]} {[%emt 00:00:38]} 46. g3 {[%clk 00:14:29]} {[%emt 00:01:52]} h5
{[%clk 00:03:33]} {[%emt 00:00:26]} 47. Re3 {[%clk 00:13:03]} {[%emt 00:01:56]}
g4 {[%clk 00:02:06]} {[%emt 00:01:58]} 48. Red3 {[%clk 00:13:02]} {[%emt
00:00:31]} Rh8 {[%emt 00:05:12]} 49. Rd6 {[%clk 00:09:58]} {[%emt 00:00:04]}
Ra6 {[%clk 00:00:57]} {[%emt 00:00:28]} 50. b4 {[%clk 00:09:43]} {[%emt
00:00:45]} cxb4 {[%clk 00:01:22]} {[%emt 00:00:05]} 51. Bxb4 {[%clk 00:09:55]}
{[%emt 00:00:18]} Bxd6 {[%clk 00:01:15]} {[%emt 00:00:37]} 52. Bxd6 {[%clk
00:09:00]} {[%emt 00:01:24]} h4 {[%clk 00:01:36]} {[%emt 00:00:09]} 53. Ke3
{[%clk 00:08:16]} {[%emt 00:01:14]} hxg3 {[%clk 00:01:50]} {[%emt 00:00:16]} 54.
hxg3 {[%clk 00:08:45]} {[%emt 00:00:01]} Rh1 {[%clk 00:01:49]} {[%emt
00:00:31]} 55. Bc5 {[%clk 00:07:50]} {[%emt 00:01:25]} Re1+ {[%emt 00:01:17]}
56. Kf4 Kg6 57. Bc2 Ra2 58. Bf2 Rxc2 59. Bxe1 Rxc4+ 60. Ke3 Re4+ 61. Kf2 Rxe5
62. Rd6 Bb5 63. Bd2 Re2+ 64. Kg1 Bc4 65. Bf4 Kf6 66. Rc6 Bd5 67. Rb6 Ke7 68.
Kf1 Re4 69. Kf2 Kd7 70. Rd6+ Ke7 71. Rb6 e5 72. Bg5+ Kd7 73. Rf6 Be6 74. Bh6
Ra4 75. Bg5 Ra3 76. Bh4 Kd6 77. Kg2 Ra2+ 78. Kf1 Kd5 79. Bg5 Bd7 80. Rb6 Kc5 81.
Be3+ Kd5 82. Rb4 Ba4 83. Bf2 Bd1 84. Be3 Be2+ 85. Ke1 Bc4 86. Bd2 Ra3 87. Kf2
f4 {[%clk 00:01:02]} 0-1

[Event "Pohár města Říčany 2018"]
[Site "Městské kulturní středisko U labutě"]
[Date "2018.08.26"]
[Round "3.6"]
[White "Hrdina, Robin"]
[Black "Zizka, Petr"]
[Result "1-0"]
[WhiteElo "2219"]
[BlackElo "2028"]
[PlyCount "0"]
[EventDate "2018.08.25"]

1. e4 {[%emt 01:40:45]} Nc6 {[%emt 00:00:34]} 2. Nc3 {[%emt 00:03:37]} e5
{[%emt 00:02:00]} 3. Bc4 {[%emt 00:00:31]} Nf6 {[%emt 00:01:44]} 4. d3 {[%emt
00:00:20]} Bb4 {[%emt 00:04:55]} 5. Nge2 {[%emt 00:00:39]} d5 {[%emt 00:19:33]}
6. exd5 {[%emt 00:00:06]} Nxd5 {[%emt 00:00:14]} 7. O-O {[%emt 00:00:07]} Bxc3
{[%emt 00:02:18]} 8. Nxc3 {[%emt 00:01:02]} Nxc3 {[%emt 00:00:15]} 9. bxc3
{[%emt 00:00:22]} O-O {[%emt 00:01:23]} 10. Qh5 {[%emt 00:09:46]} Qd6 {[%emt
00:04:00]} 11. a4 {[%emt 00:11:59]} Na5 {[%emt 00:00:54]} 12. Ba3 {[%emt
00:04:14]} c5 {[%emt 00:00:14]} 13. Ba2 {[%emt 00:00:35]} b6 {[%emt 00:02:37]}
14. Rfe1 {[%emt 00:12:48]} Nc6 {[%emt 00:01:24]} 15. Rad1 {[%emt 00:05:22]} Bb7
{[%emt 00:07:53]} 16. Re3 {[%emt 00:07:21]} Qg6 {[%emt 00:02:04]} 17. Qh3
{[%emt 00:02:51]} Bc8 {[%emt 00:04:55]} 18. Qh4 {[%emt 00:00:25]} Qg4 {[%emt
00:05:30]} 19. Qxg4 {[%emt 00:00:07]} Bxg4 {[%emt 00:00:05]} 20. f3 {[%emt
00:00:05]} Bd7 {[%emt 00:00:36]} 21. Bb3 {[%emt 00:02:19]} Rfe8 {[%emt
00:04:36]} 22. Rde1 {[%emt 00:01:42]} Be6 {[%emt 00:01:56]} 23. Bb2 {[%emt
00:00:48]} f6 {[%emt 00:05:24]} 24. f4 {[%emt 00:07:16]} c4 {[%emt 00:04:40]}
25. dxc4 {[%emt 00:01:34]} Kf7 {[%emt 00:05:53]} 26. fxe5 {[%emt 00:01:37]}
Nxe5 {[%emt 00:00:24]} 27. Rf1 {[%emt 00:04:28]} Kg8 {[%emt 00:06:05]} 28. Rfe1
{[%emt 00:01:18]} Bf7 {[%emt 00:02:32]} 29. Ba3 {[%emt 00:01:03]} Rec8 {[%emt
00:00:48]} 30. Bd6 {[%emt 00:04:41]} Nxc4 {[%emt 00:00:14]} 31. Bxc4 {[%emt
00:00:57]} Rxc4 {[%emt 00:00:06]} 32. Re7 {[%emt 00:02:42]} Rxa4 {[%emt
00:00:14]} 33. Rd7 {[%emt 00:00:38]} Re8 {[%emt 00:00:37]} 34. Ree7 {[%emt
00:01:27]} Rxe7 {[%emt 00:00:13]} 35. Rxe7 {[%emt 00:00:41]} Bg6 {[%emt
00:02:08]} 36. Bb8 {[%emt 00:01:26]} a6 {[%emt 00:00:33]} 37. Ba7 {[%emt
00:04:28]} b5 {[%emt 00:00:11]} 38. Bd4 {[%emt 00:00:32]} Bxc2 {[%emt
00:00:35]} 39. Kf2 {[%emt 00:01:06]} Bd3 {[%emt 00:03:49]} 40. h4 {[%emt
00:00:49]} Ra2+ {[%emt 00:00:34]} 41. Kf3 {[%emt 00:00:21]} a5 {[%emt
00:02:14]} 42. Ra7 {[%emt 00:00:13]} a4 {[%emt 00:00:18]} 43. Bc5 {[%emt
00:00:29]} Rc2 {[%emt 00:01:11]} 44. Bb4 {[%emt 00:00:10]} Re2 {[%emt
00:00:46]} 45. g3 {[%emt 00:01:55]} Re5 {[%emt 00:00:28]} 46. g4 {[%emt
00:01:24]} h5 {[%emt 00:00:57]} 47. gxh5 {[%emt 00:00:47]} Rxh5 {[%emt
00:00:51]} 48. Kg3 {[%emt 00:00:01]} Rd5 {[%emt 00:00:42]} 49. Kf4 {[%emt
00:00:57]} Rd8 {[%emt 00:00:52]} 50. Kg4 {[%emt 00:00:33]} Rc8 {[%emt
00:00:20]} 51. Kg3 {[%emt 00:00:11]} Kh7 {[%emt 00:00:11]} 52. Rd7 {[%emt
00:00:58]} Bc4 {[%emt 00:00:33]} 53. Ra7 {[%emt 00:00:02]} Kh6 {[%emt
00:00:17]} 54. Ba3 {[%emt 00:00:16]} Kg6 {[%emt 00:00:18]} 55. Bb4 {[%emt
00:00:45]} f5 {[%emt 00:01:17]} 56. Kf4 {[%emt 00:01:20]} Be6 {[%emt 00:00:59]}
57. h5+ {[%emt 00:02:35]} Kh7 {[%emt 00:01:05]} 58. Kg5 {[%emt 00:01:30]} 1-0